banner-ar

TERRORISM : (Record no. 4766)

MARC details
000 -الفاتح
حقل البيانات ثابتة الطول 00511nam a2200193Ia 4500
008 - عناصر البيانات ثابتة الطول - معلومات عامة
حقل البيانات ثابتة الطول 140319s9999 xx 000 0 eng d
020 ## - الرقم الدولى المعيارى للكتب
الرقم الدولى المعيارى للكتاب 09111198
040 ## - مصدر الفهرسة
وكالة الفهرسة الأصلية GCL /
وكالة النسخ GCL
082 04 - رقم تصنيف ديوى العشرى
رقم التصنيف 303.625
رقم المادة M T
100 1# - المدخل الرئيسى - إسم شخصى
الإسم الشخصى MOHAMMAD T.MEHDI
245 10 - بيان العنوان
العنوان TERRORISM :
بقية العنوان WHY AMERICA IS THE TARGET /
بيان المسئوليه,etc MOHAMMAD T.MEHDI
260 ## - PUBLICATION, DISTRIBUTION, ETC. (IMPRINT)
تاريخ النشر أو التوزيع 1988
300 ## - الوصف المادى
التعداد 20 CM ؛
أبعاد الوعاء 127 P
650 04 - المدخل الاضافى بالموضوع-مصطلح موضوعى
مصطلح موضوعي WAR
650 04 - المدخل الاضافى بالموضوع-مصطلح موضوعى
مصطلح موضوعي TERRORISM
650 04 - المدخل الاضافى بالموضوع-مصطلح موضوعى
مصطلح موضوعي TERRORISM - UNITED STATES
942 ## - عناصر المدخل الإضافي( كوها)
مصدر التصنيف او مخطط الترفيف Dewey Decimal Classification
Koha [default] item type كتاب
260 ## - PUBLICATION, DISTRIBUTION, ETC. (IMPRINT)
-- [S.N] :
-- NEW WORLD PRESS ،
Holdings
حالة التراجع حالة الفقد حالة تلف ليس للاعارة المكان المؤقت الموقع الحالى تاريخ الاكتساب اجمالي اﻻعارات رقم الطلب الباركود تاريخ اخر مشاهدة تاريخ تفعيل السعر نوع وعاء كوها
        مكتبة القاهرة الكبرى مكتبة القاهرة الكبرى 03/26/2014   303.625\M T 10700 03/26/2014 03/26/2014 كتاب

Powered By

EGPV